Fail to prepare prepare to fail (Record no. 121125)

MARC details
000 -LEADER
fixed length control field 00767nas a22001817a 4500
001 - CONTROL NUMBER
control field K121125
007 - PHYSICAL DESCRIPTION FIXED FIELD--GENERAL INFORMATION
fixed length control field ta
008 - FIXED-LENGTH DATA ELEMENTS--GENERAL INFORMATION
fixed length control field 191007b2019 ||||| |||| 00| 0 eng d
041 ## - LANGUAGE CODE
Language code of text/sound track or separate title eng
100 ## - MAIN ENTRY--PERSONAL NAME
Personal author Charwood, Ralph
245 ## - TITLE STATEMENT
Title Fail to prepare prepare to fail
490 ## - SERIES TITLE
Series statement Estates Gazette
Volume (1940) 5 October 2019, 50-51(2)
520 ## - ABSTRACT
Abstract Offers advice to APC candidates approaching final assessment. Highlights issues such as study planning, preparing handouts for case study presentation, familiarity and in-depth knowledge of Level 3 and 1 compencies. Recommends preparation techniques such as mock interviews and building in personal downtime.
650 ## - KEYWORDS
Keywords Professional ethics
650 ## - KEYWORDS
Keywords Rules of Conduct
651 ## - SUBJECT ADDED ENTRY--GEOGRAPHIC NAME
Geographic name United Kingdom 1973
690 ## - LOCAL SUBJECT ADDED ENTRY--TOPICAL TERM (OCLC, RLIN)
9 (RLIN) 6216
Topical term or geographic name as entry element APC
Holdings
Withdrawn status Lost status Damaged status Not for loan Home library Current library Shelving location Date acquired Total Checkouts Date last seen Price effective from Koha item type
        London London Journals 07/10/2019   07/10/2019 07/10/2019 Journal article